Hacia una cultura de paz

Spremljeno u:
Bibliografski detalji
Glavni autor: Menchú Tum, Rigoberta (autora)
Format: Knjiga
Jezik:španjolski
Izdano: Ciudad de México Lumen 2002
Teme:
Oznake: Dodaj oznaku
Bez oznaka, Budi prvi tko označuje ovaj zapis!

MARC

LEADER 00000cam a2200000 a 4500
001 UCG9187
003 CL-VaPUC
008 120127e20020000MX |||||||||||||||||spa|d
020 |a 9870002854 
082 0 4 |a 327.172  |b MEN  |2 21 
100 |a Menchú Tum, Rigoberta  |e autora  |9 560652 
245 1 0 |a Hacia una cultura de paz 
246 1 0 |a Kaslamal pa ri utzil: vivir en el bien 
300 |a 46 p 
942 |c BK 
945 |d 20120127 00:00:00  |a dcastane 
260 |a Ciudad de México  |b Lumen  |c 2002 
650 0 |a Relaciones Internacionales  |9 255740 
650 0 |a Política internacional  |9 255813 
650 7 |a PAZ INTERNACIONAL  |2 CL-VaPUC  |9 432684 
650 7 |a PAZ MUNDIAL  |2 CL-VaPUC  |9 560653 
650 0 |a Globalización  |9 361930 
583 |a last modification  |c 20120127 09:50:00  |k Rodrigo Vera 
999 |c 346754  |d 346752 
952 |0 0  |1 0  |4 0  |6 327_172000000000000_MEN_2002  |7 0  |8 P  |9 447571  |a BIBEDU  |b BIBEDU  |c BIBEDU_PB  |d 2019-11-22  |i 483898K  |o 327.172 MEN 2002  |p 483898K  |r 2024-01-25  |w 2019-11-22  |y BK  |k EPE